<?xml version="1.0" encoding="UTF-8"?><?xml-stylesheet type="text/xsl" href="static/style.xsl"?><OAI-PMH xmlns="http://www.openarchives.org/OAI/2.0/" xmlns:xsi="http://www.w3.org/2001/XMLSchema-instance" xsi:schemaLocation="http://www.openarchives.org/OAI/2.0/ http://www.openarchives.org/OAI/2.0/OAI-PMH.xsd"><responseDate>2026-06-02T15:23:09Z</responseDate><request verb="GetRecord" identifier="oai:riuma.uma.es:10630/26584" metadataPrefix="marc">https://riuma.uma.es/rest/oai/request</request><GetRecord><record><header><identifier>oai:riuma.uma.es:10630/26584</identifier><datestamp>2026-02-03T11:00:00Z</datestamp><setSpec>com_10630_2254</setSpec><setSpec>col_10630_37953</setSpec></header><metadata><record xmlns="http://www.loc.gov/MARC21/slim" xmlns:dcterms="http://purl.org/dc/terms/" xmlns:doc="http://www.lyncode.com/xoai" xmlns:xsi="http://www.w3.org/2001/XMLSchema-instance" xsi:schemaLocation="http://www.loc.gov/MARC21/slim http://www.loc.gov/standards/marcxml/schema/MARC21slim.xsd">
   <leader>00925njm 22002777a 4500</leader>
   <datafield ind2=" " ind1=" " tag="042">
      <subfield code="a">dc</subfield>
   </datafield>
   <datafield ind2=" " ind1=" " tag="720">
      <subfield code="a">Imran Saleem, Muhammad</subfield>
      <subfield code="e">author</subfield>
   </datafield>
   <datafield ind2=" " ind1=" " tag="720">
      <subfield code="a">Siddiqui, Atif Ahmed</subfield>
      <subfield code="e">author</subfield>
   </datafield>
   <datafield ind2=" " ind1=" " tag="720">
      <subfield code="a">Noor, Shaheena</subfield>
      <subfield code="e">author</subfield>
   </datafield>
   <datafield ind2=" " ind1=" " tag="720">
      <subfield code="a">Luque-Nieto, Miguel Ángel</subfield>
      <subfield code="e">author</subfield>
   </datafield>
   <datafield ind2=" " ind1=" " tag="720">
      <subfield code="a">Nava-Baro, Enrique</subfield>
      <subfield code="e">author</subfield>
   </datafield>
   <datafield ind2=" " ind1=" " tag="260">
      <subfield code="c">2023-02-28</subfield>
   </datafield>
   <datafield ind2=" " ind1=" " tag="520">
      <subfield code="a">This manuscript presents a full duplex communication system for the Deaf and Mute (D-M) based on Machine Learning (ML). These individuals, who generally communicate through sign language, are an integral part of our society, and their contribution is vital. They face communication difficulties mainly because others, who generally do not know sign language, are unable to communicate with them. The work presents a solution to this problem through a system enabling the non-deaf and mute (ND-M) to communicate with the D-M individuals without the need to learn sign language. The system is low-cost, reliable, easy to use, and based on a commercial-off-the-shelf (COTS) Leap Motion Device (LMD). The hand gesture data of D-M individuals is acquired using an LMD device and processed using a Convolutional Neural Network (CNN) algorithm. A supervised ML algorithm completes the processing and converts the hand gesture data into speech. A new dataset for the ML-based algorithm is created and presented in this manuscript. This dataset includes three sign language datasets, i.e., American Sign Language (ASL), Pakistani Sign Language (PSL), and Spanish Sign Language (SSL). The proposed system automatically detects the sign language and converts it into an audio message for the ND-M. Similarities between the three sign languages are also explored, and further research can be carried out in order to help create more datasets, which can be a combination of multiple sign languages. The ND-M can communicate by recording their speech, which is then converted into text and hand gesture images. The system can be upgraded in the future to support more sign language datasets. The system also provides a training mode that can help D-M individuals improve their hand gestures and also understand how accurately the system is detecting these gestures. The proposed system has been validated through a series of experiments resulting in hand gesture detection accuracy exceeding 95%</subfield>
   </datafield>
   <datafield ind1="8" ind2=" " tag="024">
      <subfield code="a">Saleem MI, Siddiqui A, Noor S, Luque-Nieto M-A, Nava-Baro E. A Machine Learning Based Full Duplex System Supporting Multiple Sign Languages for the Deaf and Mute. Applied Sciences. 2023; 13(5):3114. https://doi.org/10.3390/app13053114</subfield>
   </datafield>
   <datafield ind1="8" ind2=" " tag="024">
      <subfield code="a">https://hdl.handle.net/10630/26584</subfield>
   </datafield>
   <datafield ind1="8" ind2=" " tag="024">
      <subfield code="a">10.3390/app13053114</subfield>
   </datafield>
   <datafield tag="653" ind2=" " ind1=" ">
      <subfield code="a">Mudos</subfield>
   </datafield>
   <datafield tag="653" ind2=" " ind1=" ">
      <subfield code="a">Sordos</subfield>
   </datafield>
   <datafield tag="653" ind2=" " ind1=" ">
      <subfield code="a">Lengua de signos -  Innovaciones tecnológicas</subfield>
   </datafield>
   <datafield tag="653" ind2=" " ind1=" ">
      <subfield code="a">Dispositivos de comunicación para minusválidos</subfield>
   </datafield>
   <datafield ind2="0" ind1="0" tag="245">
      <subfield code="a">A Machine Learning Based Full Duplex System Supporting Multiple Sign Languages for the Deaf and Mute</subfield>
   </datafield>
</record>
</metadata></record></GetRecord></OAI-PMH>